2009 Information and communications for development : (Record no. 14718)

000 -LEADER
fixed length control field 00987cam a2200253 a 4500
020 ## - INTERNATIONAL STANDARD BOOK NUMBER
ISBN 9780821376058
020 ## - INTERNATIONAL STANDARD BOOK NUMBER
ISBN 0821376055
040 ## - CATALOGING SOURCE
Transcribing agency YDXCP
082 04 - DEWEY DECIMAL CLASSIFICATION NUMBER
Classification number 330 WOR 2009 A070 Or.
245 00 - TITLE STATEMENT
Title 2009 Information and communications for development :
Remainder of title extending reach and increasing impact.
246 13 - VARYING FORM OF TITLE
Title proper/short title Information and communications for development 2009 :
Remainder of title extending reach and increasing impact
260 ## - PUBLICATION, DISTRIBUTION, ETC. (IMPRINT)
Place of publication Washington, D.C. :
Name of publisher World Bank,
Year of publication 2009.
300 ## - PHYSICAL DESCRIPTION
Number of Pages xix, 316 p. :
Other physical details ill. ;
Dimensions 28 cm.
500 ## - GENERAL NOTE
General note "This report was prepared by the Global Information and Communication Technologies (GICT) Department and the Development Economics Data Group (DECDG) of the World Bank Group."--P. xv.
650 #0 - SUBJECT ADDED ENTRY--TOPICAL TERM
Topical Term Information technology
650 #0 - SUBJECT ADDED ENTRY--TOPICAL TERM
Topical Term Telecommunication
650 #0 - SUBJECT ADDED ENTRY--TOPICAL TERM
Topical Term Information services
650 #0 - SUBJECT ADDED ENTRY--TOPICAL TERM
Topical Term Information technology
650 #0 - SUBJECT ADDED ENTRY--TOPICAL TERM
Topical Term Telecommunication
650 #0 - SUBJECT ADDED ENTRY--TOPICAL TERM
Topical Term Information services
710 2# - ADDED ENTRY--CORPORATE NAME
Corporate name or jurisdiction name as entry element World Bank.
710 2# - ADDED ENTRY--CORPORATE NAME
Corporate name or jurisdiction name as entry element World Bank.
942 ## - ADDED ENTRY ELEMENTS (KOHA)
Koha item type សៀវភៅភាសាអង់គ្លេស
952 ## - LOCATION AND ITEM INFORMATION (KOHA)
Withdrawn status [LOCAL, KOHA] 0
Holdings
Permanent Location Date acquired Koha item type Lost status Shelving location Barcode Current Location Full call number
Library Block A2017-10-25សៀវភៅភាសាអង់គ្លេស A070A07232Library Block A330 WOR 2009 A070 Or.
មជ្ឈមណ្ឌលឯការនៃសាកលវិទ្យាល័យភូមិន្ទកសិកម្មចំការដូង

Powered by Koha